Nepodceňujme bezpečnosť

Bibliographic Details
Main Author: Zmydlený, Tomáš, 1977- (Author)
Format: Article
Language:Slovak
PhysicalDescription:Fotogr.
ISSN:1336-5045
Subjects:

MARC

LEADER 00000nab a2200000 a 4500
001 vtls009145202
003 SK-MaSNL
005 20260304160128.0
008 250507c2007 xo |||||||||||000 b|slo
015 |a SNBRB2007/10  |2 snkbucl 
035 |a (uuid)f169dd9e-9b5d-47a1-bf10-dec7f1709acd 
035 |a urn:nbn:sk:snk-ab9v2x 
035 |a (urnnbn)urn:nbn:sk:snk:ar-a08xms 
038 |a SNKBUCL 
040 |a SNKBUCL  |b slo  |c SNKBUCL  |e AACR2 
041 0 |a slo 
044 |a xo  |c SK 
080 |a 661.9.076.5:061.5:621.791:613.6  |2 2001 
080 |a 621.791  |2 2001 
080 |a 613.6  |2 2001 
100 1 |a Zmydlený, Tomáš,  |d 1977-  |4 aut  |9 109692 
245 1 0 |a Nepodceňujme bezpečnosť  |c Tomáš Zmydlený 
300 |b Fotogr. 
610 2 7 |a Air Products  |2 snkbucl  |9 1482584 
650 0 7 |a zváranie  |2 snkbucl  |9 1839 
650 0 7 |a technické plyny  |2 snkbucl  |9 1052171 
650 0 7 |a tlakové fľaše  |2 snkbucl  |9 1482585 
650 0 7 |a bezpečnosť práce  |2 snkbucl  |9 1296 
773 0 |t Zvárač  |g Roč. IV, č. 3 (2007), s. 45-46  |x 1336-5045 
850 |a Slovenská národná knižnica 
852 |a Slovenská národná knižnica 
954 |a odborná, vedecká literatúra pôvodná (slovenská)  |2 lita 
958 |a article13 
958 |a OND 
958 |a EUIPO 
999 |c 2965639  |d 2967569